Największe i Najmniejsze państwa na każdym kontynencie. - Statystyki

Ogólne statystyki
  • Ten quiz został rozwiązany 117 razy
  • Średni wynik to 9 z 12
Statystyki odpowiedzi
Kontynent Naj wię./mnie. Państwa % Poprawnych
Am. Pół. Największe Kanada
94%
Azja Największe Rosja
92%
Europa Największe Rosja
92%
Europa Najmniejsze Watykan
91%
Am. Poł. Największe Brazylia
90%
Oceania Największe Australia
88%
Afryka Największe Algieria
83%
Am. Poł. Najmniejsze Surinam
66%
Afryka Najmniejsze Seszele
59%
Oceania Najmniejsze Nauru
58%
Azja Najmniejsze Malediwy
50%
Am. Pół. Najmniejsze Saint Kitts i Nevis
48%
Nie znaleziono quizów pasujących do podanych kryteriów
Rozkład punktacji
Procent ludzi z każdym wynikiem
Percentyl według liczby udzielonych odpowiedzi
Twoja historia wyników
Nie rozwiązałeś tego quizu